000 00417nam a2200169Ia 4500
008 230718s9999 xx 000 0 und d
041 _aeng
082 _a621.3827
_bYAR
100 _aYariv A.
245 _aOptical Electronics In Modern Communication
250 _a5th ed.
260 _c1996
_bOxford
300 _a744
365 _cRs.
_b650.00
700 _aYariv A.
906 _dB:425519-Sep-1999
_cETC
_b97.5
999 _c298189
_d298189